Inflácia a jej vplyv na nákupné správanie
Vysoká inflácia a s ňou spojené zdražovanie mení aj spotrebiteľské správanie sa Slovákov. Sedem z desiatich potvrdilo, že pre vysoké ceny kupuje menej spotrebného tovaru ako vlani. Až 80 % Slovákov zároveň v súčasnosti nakupuje viac v akciách a zľavách v porovnaní s minulosťou. Ako ďalej ukázal prie...
Enregistré dans:
| Format: | Chapitre de livre |
|---|---|
| Langue: | slovaque |
| Sujets: | |
| Tags: |
Pas de tags, Soyez le premier à ajouter un tag!
|
MARC
| LEADER | 00000naa a2200000 4500 | ||
|---|---|---|---|
| 001 | 0297049 | ||
| 005 | 20240417075253.7 | ||
| 041 | 0 | |a slo | |
| 044 | |a SK | ||
| 245 | 1 | 0 | |a Inflácia a jej vplyv na nákupné správanie |
| 520 | |a Vysoká inflácia a s ňou spojené zdražovanie mení aj spotrebiteľské správanie sa Slovákov. Sedem z desiatich potvrdilo, že pre vysoké ceny kupuje menej spotrebného tovaru ako vlani. Až 80 % Slovákov zároveň v súčasnosti nakupuje viac v akciách a zľavách v porovnaní s minulosťou. Ako ďalej ukázal prieskum pre spoločnosť Home Credit *, vysoká inflácia vo všeobecnosti zatiaľ odradila od kúpy vybraného tovaru alebo služby zhruba tretinu opýtaných. | ||
| 610 | 2 | 0 | |a inflácia |
| 610 | 2 | 0 | |a správanie spotrebiteľa |
| 610 | 2 | 0 | |a nákup |
| 610 | 2 | 0 | |a prieskum |